10 to 1: Just Desserts Quiz Stats

 Plays Quiz not verified by Sporcle

Challenge
Share
Tweet
Score 0/55 Timer 10:00
0 Plays Today
% Correct
Chunky Monkey
91.1%
Cherry Garcia
88.6%
Americone Dream
88.4%
Chubby Hubby
84.7%
Thin Mints
81.5%
Dunkin' Donuts
80.9%
Peanut Butter
80.3%
Cannoli
79.9%
Krispy Kreme
79.3%
Black
79.2%
Sugar
78.9%
White
78.8%
Biscotti
78.7%
Eggs
78.5%
Tiramisu
78%
Panettone
77.2%
Panna Cotta
76.7%
Tagalongs
76.6%
Ding Dongs
76.4%
Samoas
76%
Do-si-dos
75.1%
Chocolate Therapy
75.1%
Salted Caramel Core
74%
Phish Food
73.7%
Ho Hos
73%
Pizzelle
72.6%
Twinkies
71.5%
Tim Horton's
70.9%
% Correct
Butterfinger
70.7%
Zebra Cakes
70.5%
Savannah Smiles
69.8%
Oatmeal Creme Pies
69.1%
Oreo
68.4%
Half-Baked
68%
Reese's Peanut Butter Cup
68%
Shipley's Do-Nuts
67.2%
M & M's
66.6%
Sno Balls
64.8%
Trefoils
64.8%
Banana Split
64%
Truffle Kerfuffle
62%
Donettes
60.5%
Shamrock
60.3%
Thanks-A-Lot
59.8%
Heath
59.3%
Urban Bourbon
55.6%
Nutty Bars
54%
Turtle Pecan
52.8%
Zingers
52.7%
Fudge Rounds
51.5%
Fruit Pies
50.9%
Mini Muffins
48.6%
Lemonades
43%
Toffee-tastic
38.7%
Star Crunch
34%

You're not logged in!

Compare scores with friends on all Sporcle quizzes.
Join for Free
OR
Log In

You Might Also Like...

Show Comments

Extras

Top Quizzes Today


Score Distribution

Your Account Isn't Verified!

In order to create a playlist on Sporcle, you need to verify the email address you used during registration. Go to your Sporcle Settings to finish the process.

Report this User

Report this user for behavior that violates our Community Guidelines.

Details: